| 000 | 00553nam a22001937a 4500 | ||
|---|---|---|---|
| 999 |
_c164968 _d164968 |
||
| 005 | 20190531110538.0 | ||
| 010 | _aENG-125421 | ||
| 020 |
_a9788178236261 _c40.00 |
||
| 035 | _aEN-108953 | ||
| 037 | _bDBAD/PUB | ||
| 082 | _a230.33 | ||
| 100 | _aMurthy T.G.K | ||
| 245 |
_aSwami Vivekananda an intuitive scientist/ _cby T.G.K Murthy |
||
| 260 |
_aChennai _bAdhyaksha Sri Ramakrishna |
||
| 270 |
_aMylapore _bChennai _e600004 |
||
| 300 |
_axvi,156p. _c18cm(pbk) _bill. |
||
| 500 | _ainclude index | ||
| 942 |
_2ddc _cEN _h230.33 _mMUR |
||